000 00402nam a2200157Ia 4500
008 190425s9999 xx 000 0 und d
100 _aSarian, Zac B.
245 _aDA-BAR to bare research projects at Agrilink 2017/
245 _cZac B. Sarian
260 _bManila Bulletin
260 _c2017
300 _aAugust 26
440 _aManila Bulletin
650 _aagriculture
650 _afarmers
999 _c361631
_d361631